000 00412nam a22001697a 4500
003 MACL
005 20160116172249.0
008 160116b xxu||||| |||| 00| 0 eng d
040 _cMACL
041 _aEnglish
082 _a320/JHA
100 _aJha,Shivnath
_933040
245 _aPrime Ministers of India 1947-2009
260 _aGhaziabad
_bBismillah
650 _aPolitical Science
_933041
942 _2ddc
_cBK
999 _c52731
_d52731